Größte Städte der Welt nach Buchstabe - B - Statistiken

Allgemein
  • Dieses Quiz wurde 95 mal gespielt
  • Das Durchschnittsergebnis liegt bei 15 aus 20
Antwortstatistiken
Einwohner Land Stadt % Korrekt
21.2 Mio. Thailand Bangkok
99%
4.85 Mio. Deutschland Berlin
97%
2.50 Mio. Ungarn Budapest
96%
16.7 Mio. Argentinien Buenos Aires
96%
4.875 Mio. Spanien Barcelona
92%
7.65 Mio. Irak Bagdad
91%
2.75 Mio. Belgien Brüssel
91%
10.4 Mio. Kolumbien Bogotá
89%
3.975 Mio. Brasilien Brasilia
89%
3.675 Mio. Aserbaidschan Baku
88%
3.25 Mio. Großbritannien Birmingham
87%
7.70 Mio. USA Boston
86%
3.35 Mio. Australien Brisbane
80%
5.45 Mio. Mali Bamako
64%
14.2 Mio. Indien Bengaluru
63%
4.925 Mio. Brasilien Belo Horizonte
58%
4.00 Mio. Südkorea Busan
55%
6.95 Mio. Indonesien Bandung
38%
2.675 Mio. Indien Bhopal
20%
3.275 Mio. Indien Bhilai
16%
Keine übereinstimmenden Quizze gefunden
Verteilung der Resultate
Anzahl Personen mit jedem Resultat
Perzentil nach korrekt beantworteten Fragen
Ihre Resultats-Entwicklung
Sie haben dieses Quiz noch nicht gespielt